| 000 | 01298nam a2200337Ia 4500 | ||
|---|---|---|---|
| 001 | ebr10194409 | ||
| 003 | CaPaEBR | ||
| 006 | m u | ||
| 007 | cr cn||||||||| | ||
| 008 | 850108s1985 mnua sb 001 0 eng d | ||
| 010 | _z 85002541 | ||
| 020 | _z9780816613601 | ||
| 020 | _z0816613605 | ||
| 040 |
_aCaPaEBR _cCaPaEBR |
||
| 035 | _a(OCoLC)181078618 | ||
| 050 | 1 | 4 |
_aQH442.2 _b.M32 1985eb |
| 100 | 1 | _aMcKinnell, Robert Gilmore. | |
| 245 | 1 | 0 |
_aCloning of frogs, mice, and other animals _h[electronic resource] / _cRobert Gilmore McKinnell. |
| 250 | _aRev. ed. | ||
| 260 |
_aMinneapolis : _bUniversity of Minnesota Press, _cc1985. |
||
| 300 |
_aix, 127 p. : _bill. |
||
| 500 | _aPrevious ed. published as: Cloning : a biologist reports. 1979. | ||
| 504 | _aIncludes bibliography and index. | ||
| 533 |
_aElectronic reproduction. _bPalo Alto, Calif. : _cebrary, _d2009. _nAvailable via World Wide Web. _nAccess may be limited to ebrary affiliated libraries. |
||
| 650 | 0 | _aCloning. | |
| 650 | 0 |
_aCell nuclei _xTransplantation. |
|
| 650 | 0 | _aEmbryology, Experimental. | |
| 655 | 7 |
_aElectronic books. _2local |
|
| 710 | 2 | _aebrary, Inc. | |
| 856 | 4 | 0 |
_uhttp://site.ebrary.com/lib/rucke/Doc?id=10194409 _zAn electronic book accessible through the World Wide Web; click to view |
| 999 |
_c114754 _d114754 |
||